000 01076nam a2200241 a 4500
999 _c10346
_d10346
001 10346
003 BD-JhCC
005 20211129134020.0
008 180424s2002 bg |||| ||a| 000 0 ben d
020 _a9848203303
035 _a(BD-JhCC)10346
040 _aBD-JhCC
_dBD-JhCC
041 _aben
082 _a297.19787
_bABU 2002
100 _aআবুলাইমান, ড. আবদুলহাদমদ আহমাদ
245 _aইসলাম ও আন্তর্জাতিক সম্পর্ক /
_cড. আবদুলহাদমদ আহমাদ আবুলাইমান; মোঃ জয়নুল আবেদীন মজুমদার (অনুবাদ)
260 _aঢাকা :
_bবাংলাদেশ ইনস্টিটিউট অব ইমলামিক থ্যট (বিআইআইটি),
_c2002.
300 _a245 p. :
_c22 cm.
650 _aIslam and World Politics
700 _aমজুমদার, মোঃ জয়নুল আবেদীন
942 _2ddc
_cBK
_04